Μπολιβάρ

Αποθηκεύτηκε σε:
Λεπτομέρειες βιβλιογραφικής εγγραφής
Κύριος συγγραφέας: Εγγονόπουλος, Νίκος, 1910-1985
Μορφή: Βιβλίο
Γλώσσα:Greek
Δημοσίευση: [Αθήνα] : Ικαρος, 1993
Έκδοση:5η έκδ.
Θέματα:
Ετικέτες: Προσθήκη ετικέτας
Δεν υπάρχουν, Καταχωρήστε ετικέτα πρώτοι!

MARC

LEADER 00000cam a2200000 i 4500
001 1/77832
008 960820s1993 gr | ||| |||| ||gre||
020 |a 9607233387 
035 |a 1993  |b 2  |c Αναγνωστοπούλου  |l 10032767 
040 |a GR-MY-UA  |b gre  |e aacr 
041 0 |a gre 
082 0 |a 889.132 
100 1 |a Εγγονόπουλος, Νίκος,   |d 1910-1985. 
245 1 0 |a Μπολιβάρ /  |c Νίκου Εγγονόπουλου 
250 |a 5η έκδ. 
260 |a [Αθήνα] :   |b Ικαρος,   |c 1993 
300 |a 59 σ.  |b εικ. 
500 |a Με 9 εγχρώμους πίνακας εκτός κειμένου 
650 0 0 |a Greek poetry, Modern  |y 20th century. 
852 |a INST  |b RHODES  |e 19960820  |h 889.132 ΕΓΓ  |p 005400009314  |q 005400009314  |t BK  |y 0 
909 |a Ρ  |b 027476  |c 1993